Lighting engineering : applied calculations / (Record no. 80716)
[ view plain ]
| 000 -LEADER | |
|---|---|
| fixed length control field | 01115nam a2200265 a 4500 |
| 008 - FIXED-LENGTH DATA ELEMENTS--GENERAL INFORMATION | |
| fixed length control field | 120416s2001 ||||||||||||||||| || u |
| 020 ## - INTERNATIONAL STANDARD BOOK NUMBER | |
| International Standard Book Number | 0750650516 |
| 050 ## - LIBRARY OF CONGRESS CALL NUMBER | |
| Classification number | TK 4166 Sim |
| 100 ## - MAIN ENTRY--PERSONAL NAME | |
| Personal name | Simons, R. H. (Ronald Harvey) |
| 245 10 - TITLE STATEMENT | |
| Title | Lighting engineering : applied calculations / |
| 260 ## - PUBLICATION, DISTRIBUTION, ETC. | |
| Place of publication, distribution, etc. | Oxford |
| Name of publisher, distributor, etc. | Architectural Press |
| Date of publication, distribution, etc. | 2001 |
| 300 ## - PHYSICAL DESCRIPTION | |
| Extent | ix, 518p. : ill. |
| 350 ## - | |
| -- | 0.00 |
| 500 ## - GENERAL NOTE | |
| General note | Biliography |
| 650 #0 - SUBJECT ADDED ENTRY--TOPICAL TERM | |
| Topical term or geographic name entry element | PHYSICS |
| 650 ## - SUBJECT ADDED ENTRY--TOPICAL TERM | |
| Topical term or geographic name entry element | LIGHTING--MATHEMATICS |
| 650 #0 - SUBJECT ADDED ENTRY--TOPICAL TERM | |
| Topical term or geographic name entry element | MATHEMATICS--FORMULAE |
| 650 ## - SUBJECT ADDED ENTRY--TOPICAL TERM | |
| Topical term or geographic name entry element | ELECTRIC LIGHTING |
| 650 ## - SUBJECT ADDED ENTRY--TOPICAL TERM | |
| Topical term or geographic name entry element | LIGHT SOURCES--MATHEMATICAL MODELS |
| 700 ## - ADDED ENTRY--PERSONAL NAME | |
| Personal name | Bean, A. R. (Arthur Robert) |
| 856 ## - ELECTRONIC LOCATION AND ACCESS | |
| Uniform Resource Identifier | http://www.loc.gov/catdir/toc/els031/2001270182.html |
| 856 ## - ELECTRONIC LOCATION AND ACCESS | |
| Uniform Resource Identifier | http://www.loc.gov/catdir/description/els031/2001270182.html |
| 995 ## - | |
| -- | MAIN LIBRARY OPEN ACCESS |
| -- | 0.00 |
| -- | 734512 |
| -- | CBU-MAIN LIBRARY (Kitwe) |
| -- | 1 |
| -- | 30.95 |
| -- | TK 4166 SIM |
| -- | 1 |
| -- | AVAILABLE |
| -- | 48029 |
| -- | Main Library Open Access Collection |
| 995 ## - | |
| -- | MAIN LIBRARY OPEN ACCESS |
| -- | 0.00 |
| -- | 735879 |
| -- | CBU-MAIN LIBRARY (Kitwe) |
| -- | 1 |
| -- | 0.00 |
| -- | TK 4166 SIM |
| -- | 3 |
| -- | AVAILABLE |
| -- | Mar 15, 2007 |
| -- | 38716 |
| -- | Main Library Open Access Collection |
| 999 ## - | |
| -- | 80716 |
| -- | 80716 |
No items available.